| 000 | 00440nam a22001457a 4500 | ||
|---|---|---|---|
| 003 | OSt | ||
| 005 | 20190312165500.0 | ||
| 008 | 190312b xxu||||| |||| 00| 0 eng d | ||
| 040 | _cLC | ||
| 050 |
_aDT433.522 _b.K46 2015 |
||
| 245 | _aSecondary history and Government form 2/ | ||
| 260 |
_aNairobi _bKenya Instititute of Curriculum development _c2015 |
||
| 650 |
_aHistory and Government _vCurriculum _xSecondary schools |
||
| 942 |
_2lcc _cCD |
||
| 999 |
_c53983 _d53983 |
||